000
00327nam a2200133Ia 4500
003
GCL
008
140319s9999 xx 000 0 ara d
040
_a
GCL /
_c
GCL
082
0
4
_a
942.08
_b
م ت
100
1
_a
محمد صبيح
245
1
0
_a
تشرشل /
_c
محمد صبيح
300
_a
173 ص
490
_a
كتاب الشهر
_v
0
999
_c
47601
_d
47601